Online
Catalog

Fuentes de recursos de nuestro planeta / (Record no. 21590)

MARC details
000 -CABECERA
campo de control de longitud fija 00948nam a2200265 a 4500
001 - NÚMERO DE CONTROL
campo de control 000022092
005 - FECHA Y HORA DE LA ÚLTIMA TRANSACCIÓN
campo de control 20240424131120.0
008 - DATOS DE LONGITUD FIJA--INFORMACIÓN GENERAL
campo de control de longitud fija 100916s1975 ag r 000 0 spa d
040 ## - FUENTE DE LA CATALOGACIÓN
Centro catalogador/agencia de origen DO-SdBNP
Lengua de catalogación spa
Centro/agencia transcriptor BNPHU
082 ## - NÚMERO DE LA CLASIFICACIÓN DECIMAL DEWEY
Número de clasificación 333.7
Número de documento/Ítem F954r
049 ## - FONDOS LOCALES (OCLC)
Fondos de biblioteca BNGR
245 00 - MENCIÓN DE TÍTULO
Título Fuentes de recursos de nuestro planeta /
Mención de responsabilidad, etc. compilación Charles F. Park ; traducción Daniel Landes.
260 ## - PUBLICACIÓN, DISTRIBUCIÓN, ETC.
Lugar de publicación, distribución, etc. Buenos Aires, Argentina :
Nombre del editor, distribuidor, etc. Ediciones Marymar,
Fecha de publicación, distribución, etc. 1975.
300 ## - DESCRIPCIÓN FÍSICA
Extensión 374 p. ;
Dimensiones 23 cm.
500 ## - NOTA GENERAL
Nota general Primera edición en castellano en 1975.
534 ## - NOTA SOBRE LA VERSIÓN ORIGINAL
Encabezamiento principal del original Título original:
Mención de título del original Earth resources
650 #0 - PUNTO DE ACCESO ADICIONAL DE MATERIA--TÉRMINO DE MATERIA
Término de materia o nombre geográfico como elemento de entrada Recursos naturales
9 (RLIN) 512
650 #4 - PUNTO DE ACCESO ADICIONAL DE MATERIA--TÉRMINO DE MATERIA
Término de materia o nombre geográfico como elemento de entrada Recursos de la vida silvestre
9 (RLIN) 45776
650 #4 - PUNTO DE ACCESO ADICIONAL DE MATERIA--TÉRMINO DE MATERIA
Término de materia o nombre geográfico como elemento de entrada Recursos acuáticos
9 (RLIN) 4021
650 #4 - PUNTO DE ACCESO ADICIONAL DE MATERIA--TÉRMINO DE MATERIA
Término de materia o nombre geográfico como elemento de entrada Protección del medio ambiente
9 (RLIN) 4185
650 #4 - PUNTO DE ACCESO ADICIONAL DE MATERIA--TÉRMINO DE MATERIA
Término de materia o nombre geográfico como elemento de entrada Recursos geotérmicos
9 (RLIN) 45777
650 #4 - PUNTO DE ACCESO ADICIONAL DE MATERIA--TÉRMINO DE MATERIA
Término de materia o nombre geográfico como elemento de entrada Recursos naturales renovables
9 (RLIN) 45778
700 1# - PUNTO DE ACCESO ADICIONAL--NOMBRE DE PERSONA
Nombre de persona Park, Charles F.
Término indicativo de función/relación comp.
9 (RLIN) 45779
700 1# - PUNTO DE ACCESO ADICIONAL--NOMBRE DE PERSONA
Nombre de persona Landes, Daniel,
Término indicativo de función/relación tr.
9 (RLIN) 4474
Holdings
Estado de retiro Estado de pérdida Restricciones de uso No para préstamo Código de colección Localización permanente Ubicación/localización actual Ubicación en estantería Fecha de adquisición Número de inventario Total de préstamos Signatura topográfica completa Código de barras Fecha visto por última vez Precio válido a partir de Tipo de ítem Koha
        Monografías: Libros y Folletos General General En catalogación 16.09.2010 LF1   333.7 F954r 22092-10 25.06.2020 25.06.2020 Préstamo en sala

Powered by Koha